000 00907 a2200205 4500
003 NUST
005 20230301140858.0
010 _a70444972
040 _cNust
082 _a327,FRA
100 _aFrankel, Joseph
_937723
245 _aInternational relations /
_cJoseph Frankel
250 _a2nd ed.
260 _aOxford University Press
_bLondon, New York,
_c1969
300 _axv, 175 p.:
_b21 cm
505 _aThe State as Units if International Society (Page-1), The Making of Foreign Policy (Page-26), The Foreign Policies of Some Great Powers (Page-44), Interaction among States and State Power (Page-71), Instruments and Techniques of State Interaction (Page-92), International Society and its Current Problems (Page-117), The Instruments and Agencies of International Society (Page-139).
600 _aFrankel, Joseph
_937723
650 _aInternational relations
942 _2ddc
_cBK
_k327,FRA
999 _c184093
_d184093